New method english dictionary / (Record no. 10175)
[ view plain ]
| 000 -LEADER | |
|---|---|
| fixed length control field | 00498cam a2200193ua 4500 |
| 041 ## - LANGUAGE CODE | |
| Language code of text/sound track or separate title | eng |
| 082 ## - DEWEY DECIMAL CLASSIFICATION NUMBER | |
| Classification number | 028.73423 |
| Item number | WES/NE |
| 100 ## - MAIN ENTRY--AUTHOR NAME | |
| Personal name | West, Michael Philip . |
| 245 ## - TITLE STATEMENT | |
| Title | New method english dictionary / |
| 250 ## - EDITION STATEMENT | |
| Edition statement | 2 / |
| 260 ## - PUBLICATION, DISTRIBUTION, ETC. (IMPRINT) | |
| Place of publication | London : |
| Name of publisher | Orient-Longman Ltd , |
| Year of publication | 1962. |
| 300 ## - PHYSICAL DESCRIPTION | |
| Number of Pages | 348 ; . |
| 700 1# - ADDED ENTRY--PERSONAL NAME | |
| Personal name | Endicott, James Gareth . |
| 942 ## - ADDED ENTRY ELEMENTS (KOHA) | |
| Koha item type | Books |
| Withdrawn status | Lost status | Damaged status | Home library | Current library | Date acquired | Full call number | Accession Number | Koha item type |
|---|---|---|---|---|---|---|---|---|
| KAUAET | KAUAET | 07/04/2012 | 028.73423 | 805 | Reference |
